Normal view
MARC view
- الطاقة الذرية -الاشعاع النووي
Entry Topical Term
001 - CONTROL NUMBER
- control field: 17843
003 - CONTROL NUMBER IDENTIFIER
- control field: JO-AjAnu
005 - DATE AND TIME OF LATEST TRANSACTION
- control field: 20230606073138.0
008 - FIXED-LENGTH DATA ELEMENTS
- fixed length control field: 230606|| aca||aabn | a|a d
040 ## - CATALOGING SOURCE
- Original cataloging agency: JO-AjAnu
- Transcribing agency: JO-AjAnu
150 ## - HEADING--TOPICAL TERM
- Topical term or geographic name entry element: الطاقة الذرية -الاشعاع النووي
670 ## - SOURCE DATA FOUND
- Source citation: Work cat.: (JO-AjAnu)9164: الجنابي ، موسى ؛ ترجمة محمد عبد الوهاب احمد , author 17842, مصادر الاشعاع والجرع الاشعاعيه